000 00557nam a22001577a 4500
003 OSt
005 20150930171022.0
008 150930b xxu||||| |||| 00| 0 eng d
040 _cRUA
082 _aAVM CHU 1994 B067 Or.1
100 _91636
_aCHUN VIRAK
245 _aEconmic anallsis in prek somrong poultry station, (វិភាគសេដ្ឋកិច្ច​ នៅស្ថានីយ៍ចិញ្ចឹមមាន់ ព្រែកសំរោង)
260 _aphnom penh
_bRUA
_c1994
300 _a62p.
_bill.
_c29cm.
942 _2ddc
_cAVM
999 _c1544
_d1544